Państwa Według Podpowiedzi #1 - Statystyki

Ogólne statystyki
  • Ten quiz został rozwiązany 47 razy
  • Średni wynik to 6 z 7
Statystyki odpowiedzi
Popowiedż Państwo % Poprawnych
Państwo Które Rozpoczeło II Wojne Światową Niemcy
95%
Odwrócona Polska Ale Leży W Azji Indonezja
89%
Pańśtwo Z Którego Papież Został Wybrany W 1978 Roku Polska
86%
Państwo Z Największą Gospodarką Na Świcię USA
84%
Ma 3 Stolice (Pretoria,Kapsztad I Pretoria) RPA
77%
Państwo Gdzie Kubuś Puchatek Został Zbanowany Chiny
70%
Państwo Które Zabiło Króla Austro-Węgier I Przy Tym Rozpoczeło I Wojne Światową Serbia
61%
Nie znaleziono quizów pasujących do podanych kryteriów
Rozkład punktacji
Procent ludzi z każdym wynikiem
Percentyl według liczby udzielonych odpowiedzi
Twoja historia wyników
Nie rozwiązałeś tego quizu